• 首页
  • 本馆介绍
  • 公告通知
  • 最新文献
  • 馆藏检索
  • 电子资源
  • 读者导购
  • 参考咨询
  • 我的图书馆
  • 登录
  • 期刊详细显示
  • 现刊情况显示
  • 合订本情况显示
  • 篇目信息显示

期刊信息

  • 表格格式
  • 工作单格式
  • 卡片格式
索取号 
O48/ELECTROMAGNETICS
题名 
ELECTROMAGNETICS
作者 
H.Y.David Yang
分册号 
分册名 
出版地 
NEW YORK
出版者 
TALYOR AND FRANCIS INC.
标准刊号 
0272-6343
出版频率 
双月刊
中图法分类 
O48
主题词 
固体物理学
电子资源 
000 00621nas0 2200193 45
001 0737356800
005 20070416102833.64
011    @a0272-6343@d$270.00(2001)
100    @a20070416d km y0chiy0120 ea
101 0  @aeng
200 1  @aELECTROMAGNETICS@fH.Y.David Yang
207    @aThe paper in this publication meets the requirements of the ANSI Standard Z39.48-1984(Permanence of Paper),effective with Volume 1,1998.
210    @aNEW YORK@cTALYOR AND FRANCIS INC.
326    @a双月刊
606 0  @a固体物理学
690    @aO48@v4
701  0 @aH.Y.David Yang
801  0 @aCN@bPFT@c20070416
905    @dO48@eELECTROMAGNETICS
    
    ELECTROMAGNETICS/H.Y.David Yang.-The paper in this publication meets the requirements of the ANSI Standard Z39.48-1984(Permanence of Paper),effective with Volume 1,1998.-NEW YORK:TALYOR AND FRANCIS INC.
    
    
    
    ISSN 0272-6343:$270.00(2001)
    
●
相关链接: 在易读查询期刊 在中国知网中查询期刊 在万方数据查询期刊 在维普查询期刊
唐山师范学院图书馆 欢迎您!
大连网信软件有限公司© 版权所有